Choďte za hranice kým sa dá

Rozvíjajúce sa trhy a slovenské firmy. Kam zamieriť, ktorý štát je najvhodnejší a akým spôsobom preniknúť na zahraničné trhy. Rozhodovanie o tom, ako expandovať v zahraničí.

Gespeichert in:
Bibliographische Detailangaben
1. Verfasser: Švorcová, Petra
Format: Buchkapitel
Sprache:Slowakisch
Schlagworte:
Tags: Tag hinzufügen
Keine Tags, Fügen Sie das erste Tag hinzu!

MARC

LEADER 00000naa a2200000 4500
001 0155317
005 20231113071425.8
041 0 |a slo 
044 |a SK 
245 1 0 |a Choďte za hranice kým sa dá  |c Petra Švorcová 
520 |a Rozvíjajúce sa trhy a slovenské firmy. Kam zamieriť, ktorý štát je najvhodnejší a akým spôsobom preniknúť na zahraničné trhy. Rozhodovanie o tom, ako expandovať v zahraničí. 
610 2 0 |a trh zahraničný 
610 2 0 |a trh vnútorný 
610 2 0 |a vzťahy trhové 
610 2 0 |a krajiny tranzitívne 
610 2 0 |a krajiny vyspelé 
610 2 0 |a konkurencia trhová 
610 2 0 |a podnikatelia 
100 1 |a Švorcová, Petra